000 00375 a2200169 4500
001 174707
020 _a85-262-1524-8
040 _cMagnum
100 _aTelles, Carlos Queiroz
240 1 0 _aO pirilampo telegrafista
_lpor
245 1 0 _aO pirilampo telegrafista
300 _a32
362 0 _a1991
440 1 _aScipione
697 _aLITERATURA INFANTIL
942 _cBK
999 _c174707
_d174707